000 00296nam a2200145Ia 4500
100 _aLaxman/ R.K.
650 _aGeneral
942 _cBK
654 _aIdle Hours
245 _aIdle Hours
260 _bIBH Publisher co.
_aBombay
_c1982
082 _a823.3
300 _a167
546 _aENGLISH
999 _c24541
_d24541